000 00834nas a2200265 4500
001 BR2012004043
003 BR-BrBNA
005 20231205120700.0
007 ta
008 230509b bl.|||p| |||| 00| 00por d
040 _aBR-BrBNA
_bpor
_cBiblioteca Nacional de Agricultura
041 _a(Pt)
072 _aH20
100 1 _aBlum, M.M.C.
100 1 _aReis, E.M.
100 1 _aCasa, R.T.
245 1 _aOcorrência e descrição morfológica de Pyrenophora avenae agente etiológico da helmintosporiose da aveia no Rio Grande do Sul
650 _aAVEIA
650 _aFUNGO
650 _aHELMINTOSPORIOSE
650 _aRIO GRANDE DO SUL
773 0 _tFitopatologia Brasileira (Brazil)
_xISSN 0100-4158
_g(Dec 1999), v. 24(4) p. 513-517
_wBR2012004043
909 _a202311
_bLúcia
_c55
_dLúcia Elande
942 _2AGRIS
_n0
_cANA
999 _c219747
_d219747